000 00300nam a2200121Ia 4500
008 240624s9999 xx 000 0 und d
041 _aeng
082 _a332.632283 PAR
100 _aPARAMESWARAN SUNIL K
245 _aVALUATION OF OPTIONS
260 _aNew Delhi
_bTata McGraw-Hill
365 _cRS
_b33
999 _c26035
_d26035